Vybrané témy z technológie pamiatkovej obnovy I.
Na minha lista:
| Autor principal: | |
|---|---|
| Formato: | Livro |
| Idioma: | eslovaco |
| Publicado em: |
Bratislava :
Renesans,
2007
|
| Tags: |
Sem tags, seja o primeiro a adicionar uma tag!
|
MARC
| LEADER | 00000nam a22000003a 4500 | ||
|---|---|---|---|
| 001 | stu157054 | ||
| 005 | 20221208180115.1 | ||
| 008 | 080204s2007----xo------------------slo-d | ||
| 040 | |a STU |b slo | ||
| 041 | 0 | |a slo | |
| 044 | |a xo | ||
| 100 | 1 | |a Makýš, Oto, |d 1962- |4 aut |u V270 |9 100 |U SvF Stavebná fakulta |T SvF Katedra technológie stavieb |X 832 |U V270 |Y 28 |7 A000000832 | |
| 245 | 1 | |a Vybrané témy z technológie pamiatkovej obnovy I. | |
| 260 | |a Bratislava : |b Renesans, |c 2007 | ||
| 300 | |a 24 s | ||
| 996 | |b 284V032675 |c V*9076/K-2222 |l VVT |s A |a 24 |w stu157054_0001 | ||
| 996 | |b 284V032676 |c V*9077/K-2222a |l VVT |s A |a 24 |w stu157054_0002 | ||